Los despiertos (Registro nro. 1079)

Detalles MARC
000 -Cabecera
Campo de control de longitud fija 00621aam a2200253 4500
005 - Fecha y hora de la última transacción
Campo de control 20250729134734.0
008 - Elementos de longitud fija--Información general
Campo de control de longitud fija 150406b xxu||||| |||| 00| 0 spa d
020 ## - International Standard Book Number
Número Internacional Estándar del Libro (ISBN) 9977234833
041 ## - Idioma
Código de idioma Español
082 ## - Clasificación Decimal Dewey
Número de clasificación CR 861.4 D288d4
100 ## - Entrada principal--Autor personal
Nombre personal Debravo, Jorge
9 (RLIN) 12331
245 ## - Título propiamente dicho
Título Los despiertos
250 ## - Edición
Mención de edición 4 edición
260 ## - Pie de imprenta
Lugar de publicación, distribución, etc. Costa Rica
260 ## - Pie de imprenta
Nombre del editor, distribuidor, etc. Editorial Costa Rica
260 ## - Pie de imprenta
Fecha de publicación, distribución, etc. 2001
300 ## - Descripción física
Extensión 53 páginas
490 ## - Serie
Título de la Serie TEMÁTICA GENERAL
650 ## - Materia general
Temática (materia general) TEMÁTICA GENERAL
650 ## - Materia general
Temática (materia general) LITERATURA COSTARRICENSE
650 ## - Materia general
Temática (materia general) POESÍA COSTARRICENSE
650 ## - Materia general
Temática (materia general) COSTA RICA
942 ## - Punto de acceso adicional KOHA
Tipo de ítem KOHA Libro
Fuente del sistema de clasificación o colocación Dewey Decimal Classification
Existencias
Signatura completa Código de barras Programa Académico Tipo de ítem
CR 861.4 D288d4 8586 Temática General Libro